| 000 | 00351nam a2200133Ia 4500 | ||
|---|---|---|---|
| 005 | 20260328104247.0 | ||
| 008 | 260328s9999||||xx |||||||||||||| ||und|| | ||
| 100 | _aViviani, Lorenzo | ||
| 245 | 0 |
_aUn jour a Verone : _b Guide pratique illustree en couleurs / _cLorenzo Viviani |
|
| 260 | _bBonechi | ||
| 300 | _a126 p. | ||
| 650 | _aARTE | ||
| 942 | _cBK | ||
| 999 |
_c10128 _d10128 |
||